000 00303nam a2200133Ia 4500
008 191201s2013 xx 000 0 und d
100 _aMEDNIEKS,Zigurd
245 0 _aProgramming Android
250 _aRep
260 _c2013
_bOREILLY SPD
_aNew Delhi
300 _a542
650 _aMCA
942 _2ddc
_cBB
999 _c7748
_d7748